TV Show Character Countdown Quiz Stats

 Plays Quiz Updated Jun 26, 2017

Score 0/40 Timer 08:00
8 Plays Today
% Correct
Rachel Green
95.1%
Ross Geller
94.7%
Phoebe Buffay
94.7%
Chandler Bing
94.6%
Jerry Seinfeld
94%
Joey Tribbiani
93.3%
Cosmo Kramer
89.7%
George Costanza
89.3%
Screech Powers
89.1%
Elaine Benes
88.7%
Daenerys Targaryen
88.4%
Cersei Lannister
87.6%
Zack Morris
87.1%
Arya Stark
87%
A.C. Slater
86.6%
Dwight Schrute
86.4%
Kelly Kapowski
84.5%
Hawkeye Pierce
84%
Norm Peterson
83.6%
Michael Scott
83.3%
% Correct
Sam Malone
83.3%
Pam Beesly
81.1%
Jim Halpert
81.1%
Lisa Turtle
80.3%
Trapper John McIntyre
79%
Cliff Claven
78.5%
B.J. Hunnicut
78%
Woody Boyd
77.1%
Carla Tortelli
76.9%
Jorah Mormont
76.6%
Jon Snow
75.4%
Doug Ross
73.1%
Maxwell Klinger
72.5%
Mark Greene
72.1%
Andy Bernard
71.9%
Carol Hathaway
70.5%
Margaret Houlihan
69.6%
John Carter
69.2%
Peter Benton
62.9%
David Puddy
57.4%

You're not logged in!

Compare scores with friends on all Sporcle quizzes.
OR
Log In

You Might Also Like...

Show Comments

Extras

Top Quizzes Today


Score Distribution

Your Account Isn't Verified!

In order to create a playlist on Sporcle, you need to verify the email address you used during registration. Go to your Sporcle Settings to finish the process.

Report this User

Report this user for behavior that violates our Community Guidelines.

Details: